Vista normal Vista MARC

Entrada Materia (personas)

Número de registros utilizados en: 3

001 - CONTROL NUMBER

  • control field: 117435

003 - CONTROL NUMBER IDENTIFIER

  • control field: Co-BoUCM

005 - DATE AND TIME OF LATEST TRANSACTION

  • control field: 20211020085915.0

008 - FIXED-LENGTH DATA ELEMENTS

  • fixed length control field: 211020|| aca||aabn | a|a d

040 ## - CATALOGING SOURCE

  • Original cataloging agency: Co-BoUCM
  • Transcribing agency: Co-BoUCM

100 ## - HEADING--PERSONAL NAME

  • Personal name: Mittermaier, C.J.A

670 ## - SOURCE DATA FOUND

  • Source citation: Work cat.: (Co-BoUCM)18060: Mittermaier, C.J.A., Tratado de la prueba en materia criminal o exposición comparada de los principios en materia criminal y de sus diversas aplicaciones en Alemania, Francia, Inglaterra, etc., 1959